| 000 | 00785cam a22002292 4500 | ||
|---|---|---|---|
| 001 | 0000000827 | ||
| 005 | 20151217151758.0 | ||
| 008 | 070220s xx 000 0 eng d | ||
| 020 |
_a9810448341 : _c800 KES |
||
| 040 |
_aKABU _cKABU |
||
| 050 | 0 |
_aBV4597.53 _b.L43B53 |
|
| 100 | 1 |
_aBlackaby, Henry. _@0000149202 |
|
| 245 | 1 | 0 |
_aSpiritual leadership : _bMoving people to God's agenda / _cHenry and Richard Blackaby. |
| 260 |
_aNashville, Tennessee : _bBroadman and Holman, _c2001. |
||
| 300 | _a306 p. | ||
| 650 | 0 |
_aLeadership _xReligious aspects _xChristianity. _@0000149203 |
|
| 700 | 1 |
_aBlackby, Richard. _@0000149204 |
|
| 908 | _a070220 | ||
| 950 | _@1 | ||
| 999 |
_c4933 _d4933 |
||